Ciudad de Panamá Al Frente del Futuro : (Record no. 11725)

MARC details
000 -LEADER
campo de control de longitud fija 00457nam a2200133Ia 4500
005 - FECHA Y HORA DE LA ÚLTIMA TRANSACCIÓN
campo de control 20260328104331.0
008 - DATOS DE LONGITUD FIJA--INFORMACIÓN GENERAL
campo de control de longitud fija 260328s9999||||xx |||||||||||||| ||und||
100 ## - ENTRADA PRINCIPAL--NOMBRE DE PERSONA
Nombre de persona Banco Mundial
245 #0 - MENCIÓN DEL TÍTULO
Título Ciudad de Panamá Al Frente del Futuro :
Resto del título Plan de Lineamientos Estretégicos, Resiliencias Y Reactivación del Frente Costero de La Ciudad de Panamá. /
Mención de responsabilidad, etc. Banco Mundial
260 ## - PUBLICACIÓN, DISTRIBUCIÓN, ETC.
Nombre del editor, distribuidor, etc. Alcaldía de Panamá
300 ## - DESCRIPCIÓN FÍSICA
Extensión 169 p.
650 ## - PUNTO DE ACCESO ADICIONAL DE MATERIA--TÉRMINO DE MATERIA
Término de materia o nombre geográfico como elemento de entrada PANAMÁ
942 ## - ELEMENTOS DE ENTRADA SECUNDARIOS (KOHA)
Tipo de ítem Koha Libros
Holdings
Estatus retirado Estado de pérdida Estado de daño No para préstamo Colección Biblioteca de origen Biblioteca actual Ubicación en estantería Fecha de adquisición Número de inventario Total de préstamos Signatura topográfica completa Código de barras Visto por última vez Copia número Precio de reemplazo Tipo de ítem Koha
        General Biblioteca Gonzalo Peláez Caldas Biblioteca Gonzalo Peláez Caldas Colección general 28/03/2026 5974   711.267 B 2209 5974 28/03/2026 1 28/03/2026 Libros